Rolnička Praha

Hlavní autor: Lukáš, Zdeněk, 1928-2007
Korporativní autor: Rolnička Praha (pěvecký sbor)
Další autoři: Virgler, Karel, 1953-
Jazyk: Čeština
Vydáno: Praha : George & Beatovens Music, p1998
Témata:
Fyzický popis: 1 MC + 1 slož. list.
Zvukové nahrávky
Uloženo v:
LEADER 01593njm a2200433 a 4500
001 000423790
003 CZ BrMZK
005 20100924094613.0
008 980105s1998 xr f cze d
028 0 3 |a G B 67006-4  |b George Beatovens Music 
040 |a BOA001  |b cze 
080 |a 784.1.087.681(086.7)  |2 MRF 
100 1 |a Lukáš, Zdeněk,  |d 1928-2007  |7 jn19981001776  |4 cmp 
245 1 0 |a Rolnička Praha  |h [zvukový záznam] /  |c Zdeněk Lukáš, Karel Virgler. 
246 3 3 |a Sedum trubačů 
246 3 3 |a Tři dětské sbory s průvodem houslí 
246 3 3 |a Variace na lidovou píseň Šli panenky silnicí 
246 3 3 |a Věneček 
246 3 3 |a Výběr ze sborové tvorby 
246 3 3 |a Čtyřlístek 
246 3 3 |a Úpravy lidových písní 
246 3 3 |a Amicitia 
246 3 3 |a Byl jeden domeček 
246 3 3 |a Lucerna Domini 
260 |a Praha :  |b George & Beatovens Music,  |c p1998 
300 |a 1 MC +  |e 1 slož. list. 
306 |a 005852 
500 |a Durata 58:52 
500 |a Nahr. 1998 
505 2 |a Věneček, Čtyřlístek, Sedum trubačů ... [et al.] 
511 0 |a Dětský pěvecký sbor Rolnička Praha, sbm. Karel Virgler 
653 0 |a dětské písně  |a dětské sbory  |a české lidové písně 
700 1 |a Virgler, Karel,  |d 1953-  |7 mzk2010599332  |4 cnd 
710 2 |a Rolnička Praha (pěvecký sbor)  |7 ko2002162084 
910 |a BOA001  |b KZ-0007.311 
964 |a Sbory dětské a cappella  |x MC 
964 |a Sbory dětské s doprovodem  |x MC 
990 |a AV 
996 6 |b 261H007817  |c KZ-0007.311  |l MZK  |r Sklad / do 24 hodin  |n 0  |p p.v.  |w 000423790  |u 000010  |a 1  |e BOA001  |j MZK50  |s P